The most valuable players in the world in 2025 - Statistics

General Stats
  • This quiz has been taken 30 times
  • The average score is 16 of 18
Answer Stats
Player Age Country Club Market value % Correct
3 Erling Haaland 24 Norway Manchester City €180.00m
100%
2 Jude Bellingham 21 England Real Madrid €180.00m
100%
4 Kylian Mbappé 26 France Real Madrid €180.00m
100%
1 Lamine Yamal 17 Spain FC Barcelona €200.00m
100%
5 Vinicius Junior 24 Brazil Real Madrid €170.00m
96%
6 Bukayo Saka 23 England Arsenal €150.00m
92%
18 Phil Foden 25 England Manchester City €100.00m
92%
14 Rodri 28 Spain Manchester City €110.00m
92%
11 Cole Palmer 23 England Chelsea €120.00m
88%
8 Florian Wirtz 22 Germany Bayer 04 Leverkusen €140.00m
88%
17 Alexis Mac Allister 26 Argentina Liverpool FC €100.00m
85%
7 Pedri 22 Spain FC Barcelona €140.00m
85%
12 Declan Rice 26 England Arsenal €120.00m
81%
15 Julián Alvarez 25 Argentina Atletico Madrid €100.00m
81%
13 Alexander Isak 25 Sweden Newcastle United €120.00m
77%
10 Federico Valverde 26 Uruguay Real Madrid €130.00m
77%
9 Jamal Musiala 22 Germany Bayern Munich €140.00m
77%
16 Michael Olise 23 France Bayern Munich €100.00m
62%
No matching quizzes found
Score Distribution
Percent of People with Each Score
Percentile by Number Answered
Your Score History
You have not taken this quiz